000 00704nas a2200205 4500
005 20260507172057.0
008 260507d20082009porwu|p ||| 00| 0 por d
040 _cBR-ViAPE
110 _aA Gazeta
245 _aRevista.AG
260 _aVitória
_bA Gazeta
_c2008-
300 _bil.
_av.
310 _aSemanal
362 _aAno 1, n. 9 (jul. 2008) - ano 1, n. 48 (abr. 2009).
500 _a Disponibilizada apenas a imagem da capa na versão digital, em virtude de restrições de direitos autorais.
500 _aColeção incompleta: disponíveis apenas alguns números do periódico.
650 _aArte
_xModa
_zEspírito Santo
651 _aEspírito Santo
_vPeriódicos
942 _2ddc
_n1
_cPER
999 _c599
_d599